000 00566ntaaa2200193 4500
003 01
005 20251027201253.0
008 0714s1973 ag 01
040 _aAR-BaBN
_bspa
_cAR-BaBN
_eaacr
_dRIC
082 _a220.9500 P41p
100 _aPereda, P. Hernán
_910884
245 _aPerspectiva bíblica
250 _a1 ed.
260 _aBuenos Aires :
_bAsociación de los Cooperadores Parroquiales,
_c197-
300 _a1 p. desplegable; ilus. ;
_c17,5 cm.
500 _aContiene una cronología de historia bíblica
650 _aBiblia-Cronología
942 _cBK
999 _c7098
_d7098